|
|
|
|
| LEADER |
01602nam a2200277 a 4500 |
| 001 |
13981804 |
| 008 |
101011s2005 njua b 001 0 eng d |
| 010 |
|
|
|a 2005015278
|
| 020 |
|
|
|a 9788131723777
|
| 020 |
|
|
|a 032133678X (pbk. : alk. paper)
|
| 040 |
|
|
|a DLC
|c DLC
|d DLC
|d BD-DhAAL
|
| 082 |
0 |
0 |
|a 005.13/3
|2 22
|
| 100 |
1 |
|
|a Bloch, Joshua.
|
| 245 |
1 |
0 |
|a Java puzzlers :
|b traps, pitfalls, and corner cases /
|c Joshua Bloch, Neal Gafter.
|
| 260 |
|
|
|a Upper Saddle River, NJ :
|b Addison-Wesley ;
|a New Delhi ;
|a Pearson Education,
|c c2005.
|
| 300 |
|
|
|a xix, 282 p. :
|b ill. ;
|c 23 cm.
|
| 504 |
|
|
|a Includes bibliographical references and index.
|
| 541 |
1 |
|
|e 00021234
|
| 650 |
|
0 |
|a Java (Computer program language)
|
| 700 |
1 |
|
|a Gafter, Neal.
|
| 852 |
4 |
|
|a Ayesha Abed Library
|j General Shelf.
|
| 999 |
|
|
|c 9717
|d 9717
|
| 952 |
|
|
|0 0
|1 0
|2 ddc
|4 0
|6 005_133000000000000_BLO_2005
|7 0
|9 12376
|a BRACUL
|b BRACUL
|c GEN
|d 2010-10-11
|l 41
|m 314
|o 005.133 BLO
|p 3010021234
|r 2025-09-18
|s 2025-09-11
|t 1
|w 2010-10-11
|y BK
|
| 952 |
|
|
|0 0
|1 0
|2 ddc
|4 0
|6 005_133000000000000_BLO
|7 0
|9 21906
|a BRACUL
|b BRACUL
|c GEN
|d 2013-02-04
|e STS International
|g 508.00
|l 10
|m 128
|o 005.133 BLO
|p 3010026637
|r 2025-07-23
|s 2025-06-21
|t 2
|w 2013-02-04
|y BK
|
| 952 |
|
|
|0 0
|1 0
|2 ddc
|4 0
|6 005_133000000000000_BLO
|7 0
|9 21907
|a BRACUL
|b BRACUL
|c GEN
|d 2013-02-04
|e STS International
|g 508.00
|l 8
|m 130
|o 005.133 BLO
|p 3010026638
|q 2025-10-08
|r 2024-09-04
|s 2024-09-04
|t 3
|w 2013-02-04
|y BK
|
| 952 |
|
|
|0 0
|1 0
|2 ddc
|4 0
|6 005_133000000000000_BLO
|7 0
|9 21908
|a BRACUL
|b BRACUL
|c GEN
|d 2013-02-04
|e STS International
|g 508.00
|l 25
|m 157
|o 005.133 BLO
|p 3010026639
|q 2026-05-14
|r 2025-11-19
|s 2025-11-19
|t 4
|w 2013-02-04
|y BK
|